| 000 -LEADER |
| fixed length control field |
05133cam a2200529 i 4500 |
| 001 - CONTROL NUMBER |
| control field |
22225460 |
| 003 - CONTROL NUMBER IDENTIFIER |
| control field |
NUST |
| 005 - DATE AND TIME OF LATEST TRANSACTION |
| control field |
20220825122248.0 |
| 008 - FIXED-LENGTH DATA ELEMENTS--GENERAL INFORMATION |
| fixed length control field |
210908t20212021nyuab e b 001 0 eng d |
| 010 ## - LIBRARY OF CONGRESS CONTROL NUMBER |
| LC control number |
2021289487 |
| 020 ## - INTERNATIONAL STANDARD BOOK NUMBER |
| International Standard Book Number |
9780812995015 |
| Qualifying information |
(hardcover ; |
| -- |
acid-free paper) |
| 020 ## - INTERNATIONAL STANDARD BOOK NUMBER |
| International Standard Book Number |
0812995015 |
| Qualifying information |
(hardcover ; |
| -- |
acid-free paper) |
| 035 ## - SYSTEM CONTROL NUMBER |
| System control number |
(OCoLC)on1245485350 |
| 038 ## - RECORD CONTENT LICENSOR |
| Staff Name |
Azhar |
| 040 ## - CATALOGING SOURCE |
| Original cataloging agency |
IG$ |
| Language of cataloging |
eng |
| Transcribing agency |
IG$ |
| Description conventions |
rda |
| Modifying agency |
OCLCO |
| -- |
UAP |
| -- |
JAS |
| -- |
CGB |
| -- |
VP@ |
| -- |
YDX |
| -- |
IMT |
| -- |
OTP |
| -- |
CNEDM |
| -- |
BDX |
| -- |
TOH |
| -- |
DYJ |
| -- |
HF9 |
| -- |
AUV |
| -- |
WIO |
| -- |
TCJ |
| -- |
DLC |
| 042 ## - AUTHENTICATION CODE |
| Authentication code |
lccopycat |
| 043 ## - GEOGRAPHIC AREA CODE |
| Geographic area code |
n-us--- |
| 050 00 - LIBRARY OF CONGRESS CALL NUMBER |
| Classification number |
HC103 |
| Item number |
.L38 2021 |
| 082 04 - DEWEY DECIMAL CLASSIFICATION NUMBER |
| Classification number |
330.1220973 |
| Edition number |
23 |
| Author Mark |
LEV |
| 082 04 - DEWEY DECIMAL CLASSIFICATION NUMBER |
| Classification number |
330.973 |
| Edition number |
23 |
| Author Mark |
LEV |
| 100 1# - MAIN ENTRY--PERSONAL NAME |
| Personal name |
Levy, Jonathan, |
| Dates associated with a name |
1978- |
| Relator term |
author. |
| 9 (RLIN) |
95247 |
| 245 10 - TITLE STATEMENT |
| Title |
Ages of American capitalism : |
| Remainder of title |
a history of the United States |
| Statement of responsibility, etc. |
Jonathan Levy. |
| 250 ## - EDITION STATEMENT |
| Edition statement |
First edition. |
| 260 ## - PUBLICATION, DISTRIBUTION, ETC. |
| Place of publication, distribution, etc. |
New York : |
| Name of publisher, distributor, etc. |
Random House, |
| Date of publication, distribution, etc. |
2021 |
| 264 #4 - PRODUCTION, PUBLICATION, DISTRIBUTION, MANUFACTURE, AND COPYRIGHT NOTICE |
| Date of production, publication, distribution, manufacture, or copyright notice |
©2021 |
| 300 ## - PHYSICAL DESCRIPTION |
| Extent |
xxviii, 908 pages : |
| Other physical details |
illustrations, maps ; |
| Dimensions |
25 cm |
| 336 ## - CONTENT TYPE |
| Content type term |
text |
| Content type code |
txt |
| Source |
rdacontent |
| 337 ## - MEDIA TYPE |
| Media type term |
unmediated |
| Media type code |
n |
| Source |
rdamedia |
| 338 ## - CARRIER TYPE |
| Carrier type term |
volume |
| Carrier type code |
nc |
| Source |
rdacarrier |
| 504 ## - BIBLIOGRAPHY, ETC. NOTE |
| Bibliography, etc. note |
Includes bibliographical references (pages 757-866) and index. |
| 505 0# - FORMATTED CONTENTS NOTE |
| Formatted contents note |
Book one: The age of commerce, 1660-1860. : -- Preface: Commerce -- Mercantilism -- Organic economy, household economy -- Republican political economy -- Capitalism and the democracy -- Confidence games -- Between slavery and freedom -- Book two: The age of capital, 1860-1932 : -- Preface: Capital -- Civil War and the reconstruction of capital -- Industrialization -- Class war and home life -- The populist revolt -- Fordism -- The Great Depression -- Book three: The age of control, 1932-1980. : -- Preface: Control -- New Deal capitalism -- New world hegemon -- Postwar hinge -- Consumerism -- Ordeal of a golden age -- Crisis of industrial capital -- Book four: The age of chaos, 1980- : -- Preface: Chaos -- Magic of the market -- The new economy -- The great moderation -- The Great Recession -- Afterword. |
| 520 ## - SUMMARY, ETC. |
| Summary, etc. |
Today, in the midst of a new economic crisis and severe political discord, the nature of capitalism in United States is at a crossroads. Since the market crash and Great Recession of 2008, historian Jonathan Levy has been teaching a course to help his students understand everything that had happened to reach that disaster and the current state of the economy, but in doing so he discovered something more fundamental about American history. Now, in an ambitious single-volume history of the United States, he reveals how, from the beginning of U.S. history to the present, capitalism in America has evolved through four distinct ages and how the country's economic evolution is inseparable from the nature of American life itself. The Age of Commerce spans the colonial era through the outbreak of the Civil War, a period of history in which economic growth and output largely depended on enslaved labor and was limited by what could be drawn from the land and where it could be traded. The Age of Capital traces the impact of the first major leap in economic development following the Civil War: the industrial revolution, when capitalists set capital down in factories to produce commercial goods, fueled by labor moving into cities. But investments in the new industrial economy led to great volatility, most dramatically with the onset of the Great Depression in 1929. The Depression immediately sparked the Age of Control, when the government took on a more active role in the economy, first trying to jump-start it and then funding military production during World War II. Skepticism of government intervention in the Cold War combined with recession and stagflation in the 1970s led to a crisis of industrial capitalism and the withdrawal of political will for regulation. In the Age of Chaos that followed, the combination of deregulation and the growth of the finance industry created a booming economy for some but also striking inequalities and a lack of oversight that led directly to the crash of 2008. In Ages of American Capitalism, Jonathan Levy proves that, contrary to political dogma, capitalism in the United States has never been just one thing. Instead, it has morphed throughout the country's history--and it's likely changing again right now. |
| 650 #0 - SUBJECT ADDED ENTRY--TOPICAL TERM |
| Topical term or geographic name entry element |
Capitalism |
| Geographic subdivision |
United States |
| General subdivision |
History. |
| 9 (RLIN) |
93668 |
| 650 #0 - SUBJECT ADDED ENTRY--TOPICAL TERM |
| Topical term or geographic name entry element |
Economic history. |
| 650 #7 - SUBJECT ADDED ENTRY--TOPICAL TERM |
| Topical term or geographic name entry element |
BUSINESS & ECONOMICS / Economic History. |
| Source of heading or term |
bisacsh |
| 9 (RLIN) |
93669 |
| 650 #7 - SUBJECT ADDED ENTRY--TOPICAL TERM |
| Topical term or geographic name entry element |
HISTORY / United States / 20th Century. |
| Source of heading or term |
bisacsh |
| 9 (RLIN) |
95248 |
| 650 #7 - SUBJECT ADDED ENTRY--TOPICAL TERM |
| Topical term or geographic name entry element |
POLITICAL SCIENCE / Economic Conditions. |
| Source of heading or term |
bisacsh |
| 9 (RLIN) |
95249 |
| 650 #7 - SUBJECT ADDED ENTRY--TOPICAL TERM |
| Topical term or geographic name entry element |
Capitalism. |
| Source of heading or term |
fast |
| Authority record control number or standard number |
(OCoLC)fst00846425 |
| 9 (RLIN) |
3608 |
| 650 #7 - SUBJECT ADDED ENTRY--TOPICAL TERM |
| Topical term or geographic name entry element |
Economic conditions. |
| Source of heading or term |
fast |
| Authority record control number or standard number |
(OCoLC)fst01919582 |
| 9 (RLIN) |
95250 |
| 650 #7 - SUBJECT ADDED ENTRY--TOPICAL TERM |
| Topical term or geographic name entry element |
Economic history. |
| Source of heading or term |
fast |
| Authority record control number or standard number |
(OCoLC)fst00901974 |
| 9 (RLIN) |
98512 |
| 651 #0 - SUBJECT ADDED ENTRY--GEOGRAPHIC NAME |
| Geographic name |
United States |
| General subdivision |
Economic conditions. |
| 9 (RLIN) |
12812 |
| 651 #7 - SUBJECT ADDED ENTRY--GEOGRAPHIC NAME |
| Geographic name |
United States. |
| Source of heading or term |
fast |
| Authority record control number or standard number |
(OCoLC)fst01204155 |
| 655 #7 - INDEX TERM--GENRE/FORM |
| Genre/form data or focus term |
History. |
| Source of term |
fast |
| Authority record control number |
(OCoLC)fst01411628 |
| 9 (RLIN) |
13777 |
| 906 ## - LOCAL DATA ELEMENT F, LDF (RLIN) |
| a |
7 |
| b |
cbc |
| c |
copycat |
| d |
2 |
| e |
ncip |
| f |
20 |
| g |
y-gencatlg |
| 942 ## - ADDED ENTRY ELEMENTS (KOHA) |
| Source of classification or shelving scheme |
|
| Koha item type |
Lincoln Corner |